00538nam a22001817a 450000500170000001000260001702000260004303500130006903500140008203700130009608200120010910000200012124500390014126000400018027000530022030000430027350000400031620230925110106.0 aENG-112829 ENG-135847 a9789382711575c295.00 aEN-96361 aEN-119378 bDBAD/PUB a881.092 aBakaya, Santosh aBallad of Bapu/cBy Santosh Bakaya aNew DelhibVitasta Publishingc2015 a2/15, Ansari Road, Daryaganj,bNew Delhie110002 axxvii, 317p.c 21cm(pbk)bBibliography aIncludes bibliographical references